Учебное кино в высшей школе: методическое пособие для преподавателей и работников кинолабораторий высших учебных заведений

Bibliografiske detaljer
Hovedforfatter: Бурлак И. Н.
Andre forfattere: Кубеев Б. В.
Sprog:russisk
Udgivet: Москва, Высшая школа, 1980
Fag:
Format: MixedMaterials Bog
KOHA link:https://koha.lib.tpu.ru/cgi-bin/koha/opac-detail.pl?biblionumber=367811

MARC

LEADER 00000nam0a2200000 4500
001 367811
005 20231102012024.0
035 |a (RuTPU)RU\TPU\retro\25174 
090 |a 367811 
100 |a 20220323d1980 m y0rusy50 ca 
101 0 |a rus 
102 |a RU 
105 |a a j 001zy 
200 1 |a Учебное кино в высшей школе  |e методическое пособие для преподавателей и работников кинолабораторий высших учебных заведений  |f И. Н. Бурлак, Б. В. Кубеев 
210 |a Москва  |c Высшая школа  |d 1980 
215 |a 208 с.  |c ил. 
320 |a Библиогр.: с. 202-203 
606 1 |a Технические средства обучения в высшем учебном заведении  |2 stltpush  |3 (RuTPU)RU\TPU\subj\60105  |9 77595 
610 1 |a методические пособия 
610 1 |a учебное телевидение 
610 1 |a вузы 
610 1 |a кинофильмы 
610 1 |a кино 
610 1 |a использование 
610 1 |a кинолаборатории 
610 1 |a киноаппараты 
610 1 |a диафильмы 
686 |a Ч481.27я73  |v LBC/SL-A  |2 rubbk 
700 1 |a Бурлак  |b И. Н. 
701 1 |a Кубеев  |b Б. В. 
801 1 |a RU  |b 63413507  |c 20220323 
942 |c BK